| 000 | 00486nam a22001817a 4500 | ||
|---|---|---|---|
| 003 | CEME | ||
| 005 | 20210628203744.0 | ||
| 008 | 210416b xxu||||| |||| 00| 0 eng d | ||
| 020 | _a0-7506-0981-8 | ||
| 040 | _c. | ||
| 082 | _a621.85 DRI'N | ||
| 100 |
_aNealson, M.J _967161 |
||
| 245 | _aDrives and seals , a tribology handbook | ||
| 260 |
_aOXFORD _bBUTTERWORTH HEINEMAN _c1994 |
||
| 300 | _aIX,146P | ||
| 650 |
_aPOWER TRANSMISSION SEALING(TECHNOLOGY) _967162 |
||
| 942 |
_cBK _2ddc |
||
| 999 |
_c575000 _d575000 |
||